[Event "Bundesliga 2015-16"]
[Site "Muelheim GER"]
[Date "2016.04.24"]
[Round "15.7"]
[Board "1"]
[White "Donchenko, Alexander"]
[Black "Wojtaszek, Radoslaw"]
[Result "1/2-1/2"]
[WhiteTitle "GM"]
[BlackTitle "GM"]
[WhiteElo "2568"]
[BlackElo "2741"]
[WhiteTeam "SC Hansa Dortmund"]
[BlackTeam "OSG Baden-Baden"]
[WhiteFideId "24603295"]
[BlackFideId "1118358"]
[EventDate "2015.09.18"]
[EventType "team"]

1. d4 Nf6 2. c4 e6 3. g3 d5 4. Bg2 Bb4+ 5. Nd2 O-O 6. Nf3 dxc4 7. Qc2 a5 8. Qxc4
b6 9. a3 Be7 10. Ne5 Ba6 11. Qc2 Ra7 12. Ndf3 c5 13. dxc5 Bxc5 14. Nd3 Bxd3 15.
Qxd3 Qxd3 16. exd3 Nd5 17. Ke2 Rc7 18. Bd2 Nc6 19. Rac1 Rfc8 20. Rc4 Be7 21.
Rhc1 b5 22. R4c2 a4 23. Kd1 b4 24. axb4 Ncxb4 25. Rxc7 Rxc7 26. Rxc7 Nxc7 27.
Ne5 f6 28. Nc6 Nxc6 29. Bxc6 a3 30. bxa3 1/2-1/2